Công nghệ gia công chi tiết quang
Lý thuyết công nghệ gia công chi tiết quang: các dạng bề mặt chi tiết quang và đặc tính công nghệ của chúng, cơ sở lý thuyết tạo hình bề mặt chi tiết quang, thiết bị gia công, vật liệu gia công
Guardado en:
| Autor principal: | |
|---|---|
| Formato: | Libro |
| Lenguaje: | Undetermined |
| Publicado: |
Hà Nội
Khoa học và kỹ thuật
2005
|
| Materias: | |
| Etiquetas: |
Agregar Etiqueta
Sin Etiquetas, Sea el primero en etiquetar este registro!
|
| Thư viện lưu trữ: | Trung tâm Học liệu Trường Đại học Cần Thơ |
|---|
| LEADER | 00878nam a2200205Ia 4500 | ||
|---|---|---|---|
| 001 | CTU_95569 | ||
| 008 | 210402s9999 xx 000 0 und d | ||
| 020 | |c 24000 | ||
| 082 | |a 681.4 | ||
| 082 | |b L121 | ||
| 100 | |a Nguyễn, Thị Ngọc Lân | ||
| 245 | 0 | |a Công nghệ gia công chi tiết quang | |
| 245 | 0 | |c Nguyễn Thị Ngọc Lân | |
| 260 | |a Hà Nội | ||
| 260 | |b Khoa học và kỹ thuật | ||
| 260 | |c 2005 | ||
| 520 | |a Lý thuyết công nghệ gia công chi tiết quang: các dạng bề mặt chi tiết quang và đặc tính công nghệ của chúng, cơ sở lý thuyết tạo hình bề mặt chi tiết quang, thiết bị gia công, vật liệu gia công | ||
| 650 | |a Optical instruments | ||
| 904 | |i Vương,Hải | ||
| 980 | |a Trung tâm Học liệu Trường Đại học Cần Thơ | ||